000 00737nam a2200229Ia 4500
001 10347
003 GE_BSU
008 181216s||||||||xx |||||||||||||| ||und||
040 _cGE_BSU
080 _a821.353.1–32
100 _aუგულავა,ირაკლი
245 _aათასი ამბავი
245 _bმოთხრობები
245 _cრედ.დ.ციგროშვილი.მხატვ.კ.ფაჩულია
260 _aთბილისი
260 _bსაბჭოთა საქართველო
260 _c1972
300 _a39გვ.17სმ.
653 _aათასი ამბავი
653 _aმოთხრობები
942 _cBK
999 _c43612
_d43612